| 000 | 00387nam a2200181Ia 4500 | ||
|---|---|---|---|
| 005 | 20240823061216.0 | ||
| 008 | 240823s9999||||xx |||||||||||||| ||und|| | ||
| 041 | _aTAMIL | ||
| 082 | _A824.8 Q6 | ||
| 100 | _aAsokamithiran | ||
| 245 | 0 | _aMounathin Punagai | |
| 250 | _a1st | ||
| 260 |
_c2016 _bThe |
||
| 500 | _aYES | ||
| 650 |
_aTamil _bGeneral |
||
| 942 | _cBK | ||
| 999 |
_c232971 _d232971 |
||